| 000 | 01583nam a2200421 i 4500 | ||
|---|---|---|---|
| 001 | 196459 | ||
| 003 | ES-MaACL | ||
| 005 | 20250904233819.0 | ||
| 007 | ta | ||
| 008 | 240929s2006 sp | ||| ||spa | ||
| 015 | _aMON0704-24891 | ||
| 016 | 7 |
_abimoBNE20070313276 _2SpMaBN |
|
| 017 |
_aB 35581-2006 _bOficina Depósito Legal Barcelona |
||
| 020 | _a8489192707 | ||
| 020 |
_a8489192588 _qObra completa |
||
| 035 | _a(OCoLC)433698136 | ||
| 035 | _a(SpMaBN)bimo0002177080 | ||
| 035 | _a991023490339708606 | ||
| 040 |
_aSpMaBN _bspa _cSpMaBN _erdc _dES-MaACL |
||
| 080 | _a94(460)"1939/55" | ||
| 245 | 0 | 0 |
_aQueda inaugurado este pantano : _b1952 / _c[redacción, M. Ángel Rodríguez ... et al.]. |
| 260 |
_aMadrid : _bUnidad Editorial, _c[2006]. |
||
| 300 |
_a201 p. : _bil. col. y n. ; _c25 cm. |
||
| 336 |
_2rdacontent _atexto |
||
| 337 |
_2rdamedia _asin mediación |
||
| 338 |
_2rdacarrier _avolumen |
||
| 490 | 1 |
_aEl Franquismo, año a año ; _v12 |
|
| 651 | 4 |
_aEspaña- _xHistoria- _y1939-1955 _2embne _98329 |
|
| 655 | 7 |
_2tgfbne _aLibros ilustrados _9193653 |
|
| 700 |
_aRodríguez Bajón, Miguel Ángel, _d1964- _eaut _9238960 |
||
| 830 | 3 |
_aEl franquismo, año a año _v12 _9238963 |
|
| 852 |
_aES-MaACL _cDEPOJ _jA-15489 _hDonación: Fernando Codina Rodríguez _xEncuadernación rústica con solapas _zEn proceso _9204160 |
||
| 903 |
_aCodina Rodríguez, Fernando _ednr _9238631 |
||
| 942 |
_n0 _cMONOGRAFIA |
||
| 999 |
_c196459 _d196459 |
||